[Event "BAEIJ   BACIJ"]
[Site "SchemingMind.com"]
[Date "2018.09.02"]
[Round "-"]
[White "cnbcad"]
[Black "errantknight"]
[Result "0-1"]
[WhiteCountry "USA"]
[BlackCountry "USA"]
[WhiteElo "1199"]
[WhiteRD "73"]
[BlackElo "1632"]
[BlackRD "85"]
[GameID "432072"]

1. Nf3 c5 2. c4 Nc6 3. g3 d6 4. Bg2 g6 5. d4 cxd4 6. Nxd4 Bd7 7. Nd2 Nxd4 8. Bxb7 Rb8 9. Bg2 Bg7 10. e3 Nc6
11. Rb1 Nf6 12. b3 Qa5 13. a4 Bf5 14. Ra1 Nb4
0-1

[Event "BAEIJ   BACIJ"]
[Site "SchemingMind.com"]
[Date "2018.09.02"]
[Round "-"]
[White "cnbcad"]
[Black "Ronald R. Nurmi"]
[Result "0-1"]
[WhiteCountry "USA"]
[BlackCountry "USA"]
[WhiteElo "1209"]
[WhiteRD "68"]
[BlackElo "1775"]
[BlackRD "77"]
[GameID "432073"]

1. Nf3 d5 2. d4 Nf6 3. g3 c6 4. Bg2 Bf5 5. Nbd2 h6 6. c3 Nbd7 7. b4 e6 8. a4 Bd6 9. a5 a6 10. Bb2 O-O
11. O-O e5 12. dxe5 Nxe5 13. Nd4 Bg6
0-1

[Event "BAEIJ   BACIJ"]
[Site "SchemingMind.com"]
[Date "2018.09.01"]
[Round "-"]
[White "Chessibelle"]
[Black "cnbcad"]
[Result "1-0"]
[WhiteCountry "ENG"]
[BlackCountry "USA"]
[WhiteElo "1255"]
[WhiteRD "63"]
[BlackElo "1209"]
[BlackRD "68"]
[GameID "432074"]

1. e4 c5 2. d3 d6 3. Be2 Nf6 4. Nf3 g6 5. O-O Bg7 6. Nbd2 b6 7. g3 Bb7 8. c4 Nbd7 9. b3 O-O 10. a3 a5
11. Bb2 e5 12. Ng5 h6 13. Nh3 Qc8 14. f4 exf4 15. Nxf4 h5 16. h4 Ne5 17. Qe1
1-0

[Event "BAEIJ   BACIJ"]
[Site "SchemingMind.com"]
[Date "2018.09.02"]
[Round "-"]
[White "cnbcad"]
[Black "Robert Bruce"]
[Result "0-1"]
[WhiteCountry "USA"]
[BlackCountry "SCO"]
[WhiteElo "1209"]
[WhiteRD "68"]
[BlackElo "2317"]
[BlackRD "68"]
[GameID "432075"]

1. Nf3 Nf6 2. g3 d5 3. d4 Bf5 4. Bg2 e6 5. Nbd2 h6 6. Ne5 a5 7. Ndf3 Be7 8. c3 O-O 9. b3 Ne4 10. Bb2 a4
11. Rc1 axb3 12. axb3 Ra2 13. Nd3 Nxf2
0-1

[Event "BAEIJ   BACIJ"]
[Site "SchemingMind.com"]
[Date "2018.09.01"]
[Round "-"]
[White "cnbcad"]
[Black "JAHI"]
[Result "0-1"]
[WhiteCountry "USA"]
[BlackCountry "INT"]
[WhiteElo "1209"]
[WhiteRD "68"]
[BlackElo "2079"]
[BlackRD "74"]
[GameID "432076"]

1. Nf3 c6 2. g3 e6 3. d4 d6 4. c4 g6 5. Bg2 Bg7 6. Nc3 e5 7. dxe5 dxe5 8. Qxd8+ Kxd8 9. O-O Bg4 10. Rd1+ Nd7
11. Bg5+ Kc7 12. Rac1 Bxf3 13. Bxf3 f6 14. Be3 f5 15. b4 Ne7
0-1

[Event "BAEIJ   BACIJ"]
[Site "SchemingMind.com"]
[Date "2018.09.01"]
[Round "-"]
[White "cnbcad"]
[Black "davidcook"]
[Result "0-1"]
[WhiteCountry "USA"]
[BlackCountry "ENG"]
[WhiteElo "1209"]
[WhiteRD "68"]
[BlackElo "2356"]
[BlackRD "63"]
[GameID "432078"]

1. Nf3 d5 2. d4 Nf6 3. g3 c6 4. Bg2 Bf5 5. Nbd2 h6 6. c3 Nbd7 7. b4 e6 8. Bb2 a5 9. a3 Bd6 10. O-O O-O
11. e3 b5 12. a4 axb4 13. axb5 bxc3 14. Bxc3 Rxa1 15. Qxa1 cxb5 16. Qb2 Qb6 17. Bb4 Bxb4
0-1

[Event "BAEIJ   BACIJ"]
[Site "SchemingMind.com"]
[Date "2018.09.02"]
[Round "-"]
[White "errantknight"]
[Black "Ronald R. Nurmi"]
[Result "1-0"]
[WhiteCountry "USA"]
[BlackCountry "USA"]
[WhiteElo "1608"]
[WhiteRD "99"]
[BlackElo "1821"]
[BlackRD "76"]
[GameID "432079"]

1. e4 d5 2. exd5 Qxd5 3. Nc3 Qd6 4. Bc4 Nf6 5. d3 a6 6. a3 b5 7. Bb3 Bb7 8. Nf3 e6 9. h3 Be7 10. Be3 O-O
11. O-O Nbd7 12. Qc1 h6 13. Re1 c5 14. Qd1 Bc6 15. Qe2 b4 16. axb4 cxb4 17. Na4 a5 18. c3 Rfb8 19. c4 Qc7 20. Nd4 Bb7
21. Nb5 Qd8 22. Qd2 Rc8 23. Bb6 Qf8 24. Qf4 Rc6 25. Be3 Kh8 26. Qf3 Rac8 27. Na7 Rb6 28. Qg3 Bd6 29. Qh4 Rc7 30. Bxb6
1-0

[Event "BAEIJ   BACIJ"]
[Site "SchemingMind.com"]
[Date "2018.09.02"]
[Round "-"]
[White "Chessibelle"]
[Black "errantknight"]
[Result "0-1"]
[WhiteCountry "ENG"]
[BlackCountry "USA"]
[WhiteElo "1205"]
[WhiteRD "61"]
[BlackElo "1608"]
[BlackRD "99"]
[GameID "432080"]

1. e4 c5 2. d3 Nc6 3. Nc3 h6 4. Nf3 d6 5. Be2 Nf6 6. O-O e6 7. a3 Be7 8. Bf4 Bd7 9. g3 a6 10. d4 cxd4
11. Nxd4 Na7 12. b4 O-O 13. Bf3 e5 14. Ne6 Bxe6 15. Qe1 exf4 16. g4 Nxg4 17. Kg2 Ne5 18. Be2 Bh4 19. Qd2 Bg5 20. f3 Bh4
21. Kh1 Nac6 22. Rg1 Bg5 23. Raf1 b5 24. Qc1 Nd4 25. Bd1 Bh3 26. Re1 Ndxf3 27. Re2 Nxg1 28. Kxg1 f3 29. Re3 Bxe3+ 30. Qxe3 Qg5+
31. Kf2 Qg2+ 32. Ke1 Qf1+ 33. Kd2 Nc4+
0-1

[Event "BAEIJ   BACIJ"]
[Site "SchemingMind.com"]
[Date "2018.09.02"]
[Round "-"]
[White "errantknight"]
[Black "Robert Bruce"]
[Result "0-1"]
[WhiteCountry "USA"]
[BlackCountry "SCO"]
[WhiteElo "1608"]
[WhiteRD "99"]
[BlackElo "2306"]
[BlackRD "68"]
[GameID "432081"]

1. e4 Nf6 2. Nf3 Nxe4 3. d3 Nf6 4. h3 c5 5. Be2 Nc6 6. b3 e5 7. Bb2 Qc7 8. O-O d5 9. Nbd2 d4 10. Nc4 Be7
11. c3 O-O 12. cxd4 exd4 13. Re1 Nd5 14. Qc1 Re8 15. Qd2 b5 16. Na3 Nc3 17. Bxc3 dxc3 18. Qc2 a6 19. Qc1 Bd6 20. Nc2 Bb7
21. Qg5 Re6 22. Qc1 Rae8 23. Qd1 Nb4 24. Kf1 Bf4 25. Nxb4 cxb4 26. Qc2 Bd2
0-1

[Event "BAEIJ   BACIJ"]
[Site "SchemingMind.com"]
[Date "2018.09.01"]
[Round "-"]
[White "cnbcad"]
[Black "Phillip Beckett"]
[Result "0-1"]
[WhiteCountry "USA"]
[BlackCountry "ENG"]
[WhiteElo "1209"]
[WhiteRD "68"]
[BlackElo "1536"]
[BlackRD "53"]
[GameID "432082"]

1. Nf3 Nf6 2. g3 g6 3. Bg2 Bg7 4. d4 d6 5. c3 O-O 6. b4 c6 7. Bb2 Nbd7 8. a4 a5 9. b5 d5 10. bxc6 bxc6
11. Nbd2 Re8 12. O-O e5 13. c4 exd4 14. Nxd4 Qc7 15. cxd5 cxd5 16. Nb5 Qb8
0-1

[Event "BAEIJ   BACIJ"]
[Site "SchemingMind.com"]
[Date "2018.09.02"]
[Round "-"]
[White "errantknight"]
[Black "Phillip Beckett"]
[Result "1/2-1/2"]
[WhiteCountry "USA"]
[BlackCountry "ENG"]
[WhiteElo "1604"]
[WhiteRD "84"]
[BlackElo "1536"]
[BlackRD "53"]
[GameID "432083"]

1. e4 e5 2. Nf3 Nc6 3. Bc4 Nf6 4. d3 Be7 5. a3 d6 6. h3 O-O 7. Nc3 Na5 8. Ba2 h6 9. Nd5 Nxd5 10. Bxd5 c6
11. Ba2 b5 12. Bd2 Nb7 13. Bc3 Kh8 14. Bd2 f5 15. exf5 Bxf5 16. Qe2 Nc5 17. Nh2 Bf6 18. Rb1 Bg5 19. Bxg5 Qxg5 20. g4 Bh7
21. Nf3 Qf4 22. Nd2 Rae8 23. Ne4 Bxe4 24. dxe4 Qxe4 25. Qxe4 Nxe4 26. Rf1 Ng5 27. Rh1 Nf3+ 28. Ke2 Nd4+ 29. Kf1 Nf3 30. Ke2 Nd4+
31. Kf1 Nxc2 32. Kg2 e4 33. Rbc1 Nd4 34. Rhe1 d5 35. Red1 Ne2 36. Rxc6 Nf4+ 37. Kh2 Rc8 38. Rxc8 Rxc8 39. Bxd5 Nxd5 40. Rxd5 Rc2
41. Rxb5 Rxf2+ 42. Kg1 Rd2 43. Rb3 e3 44. Rxe3 Rxb2 45. a4 Ra2 46. Re4 Kh7 47. h4 Kg6 48. Re6+ Kf7 49. Ra6 Ra1+ 50. Kg2 Ra2+
51. Kf3 Ra3+ 52. Kf4 Ra1 53. Rxa7+ Kg6 54. Ra6+ Kh7 55. g5 hxg5+ 56. hxg5 Rf1+ 57. Ke5 Rg1 58. g6+ Kh6 59. a5 Rg5+ 60. Kf4 Rg1
61. Ke5 Rg5+ 62. Kd4 Rg4+ 63. Kc5 Rg5+ 64. Kb4 Rg4+ 65. Kb5 Rg5+ 66. Kb4 Rg4+ 67. Kb5=
1/2-1/2

[Event "BAEIJ   BACIJ"]
[Site "SchemingMind.com"]
[Date "2018.09.02"]
[Round "-"]
[White "Ronald R. Nurmi"]
[Black "Phillip Beckett"]
[Result "1-0"]
[WhiteCountry "USA"]
[BlackCountry "ENG"]
[WhiteElo "1821"]
[WhiteRD "76"]
[BlackElo "1502"]
[BlackRD "55"]
[GameID "432084"]

1. d4 d5 2. Bf4 Nf6 3. e3 e6 4. Nd2 c5 5. c3 Nc6 6. Ngf3 cxd4 7. exd4 Bd6 8. Bg3 O-O 9. Bd3 Qc7 10. Qe2 Bd7
11. Ne5 Rac8 12. O-O Ne8 13. Ndf3 Bxe5 14. Nxe5 Nxe5 15. Bxe5 Qd8 16. Rae1 f5 17. Qf3 Nf6 18. Re3 Ne4 19. Bxe4 fxe4 20. Qg4 Qe7
21. h4 Rf5 22. Rg3 g6 23. h5 Be8 24. hxg6 Bxg6 25. Re3 Rg5 26. Qe2 Bh5 27. Qd2 Bf3 28. Rxf3 Rf8 29. Rxf8+ Kxf8 30. f4 exf3
31. Rxf3+ Rf5 32. Qh6+ Ke8 33. Rxf5 exf5 34. Qf6 Qxf6 35. Bxf6
1-0

[Event "BAEIJ   BACIJ"]
[Site "SchemingMind.com"]
[Date "2018.09.01"]
[Round "-"]
[White "Phillip Beckett"]
[Black "Chessibelle"]
[Result "1-0"]
[WhiteCountry "ENG"]
[BlackCountry "ENG"]
[WhiteElo "1482"]
[WhiteRD "55"]
[BlackElo "1216"]
[BlackRD "57"]
[GameID "432085"]

1. d4 d5 2. c4 e6 3. Nc3 Ne7 4. cxd5 exd5 5. Nf3 g6 6. Bg5 Nbc6 7. e3 Bd7 8. Nxd5 Be6 9. Nxe7 Nxe7 10. Bxe7 Bxe7
11. Qc2 c6 12. Bd3 O-O 13. h4 Qa5+ 14. Ke2 b5 15. h5 Kg7 16. hxg6 fxg6 17. Ne5 Qc7 18. Bxb5 Bd5 19. Nxc6 Bf6 20. Nb4 Qb6
21. Qc5 Qe6 22. b3 h5 23. Qxd5 Qg4+ 24. Kd2 Rad8 25. Qf3 Qg5 26. Qb7+ Kh6 27. Rag1 Rxd4+ 28. Ke2 Rxb4 29. g4 Bc3 30. gxh5 Qf6
31. Rxg6+ Qxg6 32. hxg6+ Kxg6 33. Qh7+ Kf6 34. Rh6+ Ke5 35. Rh5+ Ke6 36. Bd7+ Kd6 37. Rh6+ Kc7 38. Ba4+ Kd8 39. Rd6+
1-0

[Event "BAEIJ   BACIJ"]
[Site "SchemingMind.com"]
[Date "2018.09.02"]
[Round "-"]
[White "Robert Bruce"]
[Black "Phillip Beckett"]
[Result "1-0"]
[WhiteCountry "SCO"]
[BlackCountry "ENG"]
[WhiteElo "2312"]
[WhiteRD "67"]
[BlackElo "1482"]
[BlackRD "55"]
[GameID "432086"]

1. d4 d5 2. Nf3 Nf6 3. c4 e6 4. Nc3 Be7 5. Bf4 c6 6. e3 Nbd7 7. h3 O-O 8. Qc2 dxc4 9. Bxc4 Nb6 10. Bb3 Nbd5
11. Be5 Nd7 12. Bh2 Nxc3 13. Qxc3 Re8 14. Bc2 Bf6 15. O-O Qc7 16. Bxc7
1-0

[Event "BAEIJ   BACIJ"]
[Site "SchemingMind.com"]
[Date "2018.09.02"]
[Round "-"]
[White "JAHI"]
[Black "Phillip Beckett"]
[Result "1-0"]
[WhiteCountry "INT"]
[BlackCountry "ENG"]
[WhiteElo "2079"]
[WhiteRD "74"]
[BlackElo "1536"]
[BlackRD "53"]
[GameID "432087"]

1. c3 d5 2. b3 e5 3. Bb2 Nc6 4. c4 Nf6 5. cxd5 Nxd5 6. e3 f6 7. Bb5 a6 8. Bxc6+ bxc6 9. a3 Be6 10. d3 Bd6
11. d4 exd4 12. Bxd4 O-O 13. Ne2 c5 14. Bb2 Nb6 15. Nd2 c4 16. bxc4 Nxc4 17. Nxc4 Bxc4 18. Rc1 Qe7 19. Rxc4 Rfb8 20. Qc1 Qf7
21. Rc2 Qh5 22. h3 Qa5+ 23. Kf1 Rb3 24. Nd4 Rb7 25. h4 Rab8 26. Nc6 Qb5+ 27. Kg1 Re8 28. h5 Qe2 29. Rxe2
1-0

[Event "BAEIJ   BACIJ"]
[Site "SchemingMind.com"]
[Date "2018.09.01"]
[Round "-"]
[White "davidcook"]
[Black "Phillip Beckett"]
[Result "1-0"]
[WhiteCountry "ENG"]
[BlackCountry "ENG"]
[WhiteElo "2272"]
[WhiteRD "63"]
[BlackElo "1482"]
[BlackRD "55"]
[GameID "432089"]

1. e4 e5 2. Nf3 Nc6 3. Bc4 Nf6 4. d4 exd4 5. O-O Bc5 6. e5 d5 7. exf6 dxc4 8. fxg7 Rg8 9. Bg5 Be7 10. Bxe7 Qxe7
11. Nxd4 Nxd4 12. Qxd4 Be6 13. Nc3 Qd7 14. Qe5 O-O-O 15. Rad1 Qe7 16. Rxd8+ Qxd8 17. Rd1 Qe7 18. Nd5 Qc5 19. Qf6 Bxd5 20. Qf5+ Be6
21. Qxc5
1-0

[Event "BAEIJ   BACIJ"]
[Site "SchemingMind.com"]
[Date "2018.09.02"]
[Round "-"]
[White "Ronald R. Nurmi"]
[Black "Chessibelle"]
[Result "1-0"]
[WhiteCountry "USA"]
[BlackCountry "ENG"]
[WhiteElo "1821"]
[WhiteRD "76"]
[BlackElo "1205"]
[BlackRD "61"]
[GameID "432090"]

1. d4 d5 2. Bf4 Nc6 3. e3 e6 4. Nf3 Nge7 5. c4 Bd7 6. Nbd2 g6 7. Bd3 Bg7 8. a3 O-O 9. b4 b6 10. O-O Nf5
11. b5 Nce7 12. Ne5 Bc8 13. a4 Bb7 14. Rc1 Qe8 15. c5 c6 16. bxc6 Nxc6 17. Nxc6 Bxc6 18. Bxf5 exf5 19. Bd6 Bxa4 20. Nb3 h6
21. Bxf8 Bxf8 22. cxb6 axb6 23. Rb1 Bc6 24. Nd2 Be7 25. Nf3 Bb7 26. Rxb6 Rb8 27. Qb3 Qd7 28. Rb1 Qc7 29. Rxb7 Qc8 30. Rxb8
1-0

[Event "BAEIJ   BACIJ"]
[Site "SchemingMind.com"]
[Date "2018.09.02"]
[Round "-"]
[White "Robert Bruce"]
[Black "Ronald R. Nurmi"]
[Result "1-0"]
[WhiteCountry "SCO"]
[BlackCountry "USA"]
[WhiteElo "2306"]
[WhiteRD "68"]
[BlackElo "1821"]
[BlackRD "76"]
[GameID "432091"]

1. f4 d5 2. Nf3 g6 3. e3 Bg7 4. Be2 Nf6 5. d4 O-O 6. O-O c5 7. dxc5 Qc7 8. c4 Qxc5 9. Nc3 Bg4 10. cxd5 Rd8
11. h3 Bf5 12. g4 Be4 13. g5 Bxf3 14. Bxf3 Ne8 15. Na4 Qd6 16. e4 Qc7 17. e5 Nd7 18. Qe2 Nb6 19. Nxb6 axb6 20. Be3 Qd7
21. Bxb6 Rdc8 22. Bg4 e6 23. Rad1
1-0

[Event "BAEIJ   BACIJ"]
[Site "SchemingMind.com"]
[Date "2018.09.02"]
[Round "-"]
[White "Chessibelle"]
[Black "Robert Bruce"]
[Result "0-1"]
[WhiteCountry "ENG"]
[BlackCountry "SCO"]
[WhiteElo "1216"]
[WhiteRD "57"]
[BlackElo "2312"]
[BlackRD "67"]
[GameID "432092"]

1. e4 c6 2. d3 d5 3. Nd2 e5 4. b3 Bd6 5. Ngf3 Nf6 6. g3 Be6 7. Be2 h6 8. O-O Nbd7 9. Bb2 O-O 10. c4 d4
11. a3 Bh3 12. Re1 a5 13. a4 Bb4 14. Nh4 Nc5 15. Bf3 Nxd3 16. Re2 Nxb2 17. Qb1 d3 18. Re1 Bxd2 19. Qxb2 Bxe1 20. Rxe1 d2
21. Rb1 Qd3 22. Bg2 d1=Q+ 23. Rxd1 Qxd1+
0-1

[Event "BAEIJ   BACIJ"]
[Site "SchemingMind.com"]
[Date "2018.09.02"]
[Round "-"]
[White "JAHI"]
[Black "errantknight"]
[Result "1-0"]
[WhiteCountry "INT"]
[BlackCountry "USA"]
[WhiteElo "2166"]
[WhiteRD "78"]
[BlackElo "1604"]
[BlackRD "93"]
[GameID "432093"]

1. c3 c5 2. b3 Nc6 3. Bb2 d6 4. d3 g6 5. d4 Bg7 6. dxc5 dxc5 7. Qxd8+ Nxd8 8. e3 Nc6 9. Bb5 Bd7 10. Bxc6 Bxc6
11. f3 e6 12. Ne2 Ne7 13. Nd2 Nd5 14. Kf2 O-O 15. e4 Nc7 16. Nc4 Rad8 17. Rad1 Nb5 18. Na5 Rxd1 19. Rxd1 f5 20. Nxc6 bxc6
21. exf5 exf5 22. h3 Re8 23. Rd7 Ra8 24. g3 a6 25. g4 fxg4 26. hxg4 Re8 27. g5 Ra8 28. f4 a5 29. f5 gxf5 30. g6 hxg6
31. Bc1 Nxc3 32. Rxg7+ Kxg7 33. Nxc3 Rd8 34. Bg5 Rd3 35. Nb1 Rd1 36. Nc3 Rd3 37. Na4 Rd5 38. Nb2 Kf7 39. Ke2 Rd4 40. Nd3 Rd5
41. Bd2 c4 42. bxc4 Rd4 43. Bxa5 Ke6 44. Bb6 Rxc4 45. a3
1-0

[Event "BAEIJ   BACIJ"]
[Site "SchemingMind.com"]
[Date "2018.09.02"]
[Round "-"]
[White "JAHI"]
[Black "Ronald R. Nurmi"]
[Result "1-0"]
[WhiteCountry "INT"]
[BlackCountry "USA"]
[WhiteElo "2122"]
[WhiteRD "74"]
[BlackElo "1756"]
[BlackRD "78"]
[GameID "432094"]

1. c3 d5 2. b3 Nf6 3. Bb2 Bf5 4. c4 c6 5. cxd5 cxd5 6. Bxf6 gxf6 7. e3 a6 8. Nc3 e6 9. Be2 Bb4 10. a3 Bd6
11. h3 Nd7 12. h4 h6 13. Nh3 Nc5 14. Nf4 Bxf4 15. exf4 Qb6 16. b4 Nd3+ 17. Bxd3 Bxd3 18. Rc1 Ke7 19. Qf3 Bg6 20. f5 Bh7
21. fxe6 fxe6 22. Qh5 Rag8 23. Qxd5 Qxf2+ 24. Kxf2 exd5 25. Nxd5+ Kd6 26. Ne3 Be4 27. Rhe1 Bc6 28. g3 Rd8 29. Nf5+ Kc7 30. Re7+ Kc8
31. Ke3 Kb8 32. Rc3 h5 33. Rd3 Rdf8 34. Rd6 Rhg8 35. Ng7 Kc8 36. Nxh5
1-0

[Event "BAEIJ   BACIJ"]
[Site "SchemingMind.com"]
[Date "2018.09.01"]
[Round "-"]
[White "Chessibelle"]
[Black "JAHI"]
[Result "0-1"]
[WhiteCountry "ENG"]
[BlackCountry "INT"]
[WhiteElo "1255"]
[WhiteRD "63"]
[BlackElo "2079"]
[BlackRD "74"]
[GameID "432095"]

1. e4 c6 2. d3 e6 3. Nd2 d6 4. Ne2 d5 5. g3 dxe4 6. Nxe4 Nf6 7. Bg2 Nxe4 8. Bxe4 e5 9. c3 Bg4 10. O-O Bxe2
11. Qxe2 Be7 12. b4 Nd7 13. Qg4 g6 14. Bg2 h6 15. Qe2 h5 16. Bb2 h4 17. Qf3 h3 18. Bh1 a6 19. a3 a5 20. d4 axb4
21. cxb4 exd4 22. Bxd4 Rh5 23. g4 Rh4 24. Rfe1 Kf8 25. Bb2 Bf6 26. Rab1 Bxb2 27. Rxb2 Qg5 28. Re4 Qc1+
0-1

[Event "BAEIJ   BACIJ"]
[Site "SchemingMind.com"]
[Date "2018.09.02"]
[Round "-"]
[White "JAHI"]
[Black "Robert Bruce"]
[Result "0-1"]
[WhiteCountry "INT"]
[BlackCountry "SCO"]
[WhiteElo "2079"]
[WhiteRD "74"]
[BlackElo "2317"]
[BlackRD "68"]
[GameID "432096"]

1. c3 Nf6 2. b3 e5 3. d3 c5 4. Bg5 Be7 5. Bxf6 Bxf6 6. Nf3 d5 7. e3 O-O 8. d4 exd4 9. cxd4 Bg4 10. Be2 Bxf3
11. Bxf3 cxd4 12. exd4 Nc6 13. Nc3 Qa5 14. Rc1 Bg5 15. Rc2 Nb4 16. Re2 Rac8 17. Re3 Bxe3 18. fxe3 Nxa2 19. b4 Qxb4 20. Qd2 Nxc3
21. Bd1 Qb1 22. Qc2 Qb5 23. g3 Rfe8 24. Qd2 Nxd1 25. Qxd1 Qa5+ 26. Kf2 Qa2+ 27. Kf3 Rc6 28. Qd3 Re4 29. Qxe4 dxe4+ 30. Kf4 Qf2+
31. Ke5 Re6+ 32. Kd5 Qc2 33. Rc1 Qxc1 34. h3 Qc6#
0-1

[Event "BAEIJ   BACIJ"]
[Site "SchemingMind.com"]
[Date "2018.09.02"]
[Round "-"]
[White "davidcook"]
[Black "errantknight"]
[Result "1-0"]
[WhiteCountry "ENG"]
[BlackCountry "USA"]
[WhiteElo "2272"]
[WhiteRD "63"]
[BlackElo "1635"]
[BlackRD "133"]
[GameID "432103"]

1. e4 c5 2. d4 cxd4 3. c3 dxc3 4. Nxc3 Nc6 5. Nf3 d6 6. Bc4 a6 7. O-O e6 8. Qe2 h6 9. Rd1 Bd7 10. Bf4 e5
11. Be3 Nf6 12. a3 Be7 13. Rac1 Na5 14. Ba2 Be6 15. Bxe6 fxe6 16. Nxe5 Qc7 17. Nd5 Qd8 18. Nxf6+ Bxf6 19. Qh5+
1-0

[Event "BAEIJ   BACIJ"]
[Site "SchemingMind.com"]
[Date "2018.09.02"]
[Round "-"]
[White "davidcook"]
[Black "Ronald R. Nurmi"]
[Result "1-0"]
[WhiteCountry "ENG"]
[BlackCountry "USA"]
[WhiteElo "2309"]
[WhiteRD "65"]
[BlackElo "1821"]
[BlackRD "76"]
[GameID "432104"]

1. e4 d5 2. exd5 Qxd5 3. Nc3 Qd6 4. d4 Nf6 5. Nf3 c6 6. Ne5 Nbd7 7. Nc4 Qc7 8. Qf3 Nb6 9. Bf4 Qd7 10. Nxb6 axb6
11. O-O-O Qd8 12. Qe3 Nd5 13. Nxd5 Qxd5 14. c4 Qe6 15. a3 Qxe3+ 16. Bxe3 e6 17. Bf4 Be7 18. Bd3 Bd7 19. Bc2 c5 20. d5 Bf6
21. Bc7 b5 22. cxb5 Bxb5 23. Rhe1 Be7 24. dxe6 f6 25. Be4 O-O 26. Bd6 Rfe8 27. Bxb7 Ra7 28. Bxe7
1-0

[Event "BAEIJ   BACIJ"]
[Site "SchemingMind.com"]
[Date "2018.09.01"]
[Round "-"]
[White "Chessibelle"]
[Black "davidcook"]
[Result "0-1"]
[WhiteCountry "ENG"]
[BlackCountry "ENG"]
[WhiteElo "1216"]
[WhiteRD "57"]
[BlackElo "2272"]
[BlackRD "63"]
[GameID "432105"]

1. e4 e5 2. Nf3 Nc6 3. d3 Bc5 4. c3 Nf6 5. Be2 O-O 6. O-O d5 7. d4 dxe4 8. Nfd2 exd4 9. Bc4 d3 10. a3 Ne5
11. b4 Bb6 12. g3 Qd7 13. Bb3 Qh3 14. Bb2 Nfg4 15. Nxe4 Qxh2#
0-1

[Event "BAEIJ   BACIJ"]
[Site "SchemingMind.com"]
[Date "2018.09.02"]
[Round "-"]
[White "davidcook"]
[Black "Robert Bruce"]
[Result "1-0"]
[WhiteCountry "ENG"]
[BlackCountry "SCO"]
[WhiteElo "2356"]
[WhiteRD "63"]
[BlackElo "2317"]
[BlackRD "68"]
[GameID "432106"]

1. e4 Nf6 2. e5 Nd5 3. d4 d6 4. Nf3 dxe5 5. Nxe5 c6 6. Be2 Bf5 7. O-O Nd7 8. Nf3 e6 9. c4 N5f6 10. Nc3 Qc7
11. Re1 Bd6 12. h3 O-O 13. Nh4 Bh2+ 14. Kh1 Bf4 15. Nxf5 exf5 16. Qd3 g6 17. Bf3 Rfe8 18. Bd2 Qd6 19. Rxe8+ Rxe8 20. Rd1 Kh8
21. Bxf4 Qxf4 22. g3 Qd6 23. Kg2 Qb4 24. c5 Kg7 25. Qc2 Qa5 26. a3 Qa6 27. Qb3 Re6 28. Qa2 Ne4 29. d5 Re5 30. dxc6 Qxc6
31. b4 Ndf6 32. Qb2 Qe6 33. Nb5 Ng5 34. Nc7 Qe7 35. Nd5 Nxd5 36. Bxd5 f6 37. Qb3 Re2 38. Qd3 Re5 39. Qc4 Nf7 40. Bxb7 Qxb7+
41. c6 Qb8 42. Rd7 Qf8 43. c7 Re8 44. b5 g5 45. a4 Kg6 46. Qd5 f4 47. g4 f3+ 48. Kh2 Re5 49. Qxf7+ Qxf7 50. Rxf7 Re8
51. Rd7
1-0

[Event "BAEIJ   BACIJ"]
[Site "SchemingMind.com"]
[Date "2018.09.01"]
[Round "-"]
[White "davidcook"]
[Black "JAHI"]
[Result "1-0"]
[WhiteCountry "ENG"]
[BlackCountry "INT"]
[WhiteElo "2356"]
[WhiteRD "63"]
[BlackElo "2079"]
[BlackRD "74"]
[GameID "432107"]

1. e4 c6 2. d4 e6 3. Nf3 d6 4. Bd3 d5 5. Nc3 dxe4 6. Nxe4 Nd7 7. O-O a6 8. Ne5 Nxe5 9. dxe5 f6 10. Qh5+ g6
11. Nd6+ Bxd6 12. Bxg6+ Kf8 13. Rd1 fxe5 14. Rxd6 Qxd6 15. Qf3+ Ke7 16. Bg5+ Kd7 17. Qf7+ Ne7 18. Bxe7 Qxe7 19. Rd1+ Kc7 20. Qxe7+ Kb6
21. Qb4+ Kc7 22. Qa5+ Kb8 23. Qxe5+ Ka7 24. Qxh8 hxg6 25. Rd8 e5 26. Rxc8 Rxc8 27. Qxc8 e4 28. b4 g5 29. Qd8 g4 30. g3 e3
31. fxe3 c5 32. bxc5 a5 33. a4 b6 34. c6 b5 35. Qc7+ Ka6 36. Qb7#
1-0